• 首页
  • 本馆介绍
  • 公告通知
  • 最新文献
  • 馆藏检索
  • 电子资源
  • 读者导购
  • 参考咨询
  • 我的图书馆
  • 登录
  • 详细信息显示
  • 放入我的书架
  • 预约/预借图书
  • 作者相关作品
  • 分类相关作品
  • 丛书相关作品
  • 出版社相关作品

书目信息

  • 表格格式
  • 工作单格式
  • 卡片格式
题名:
基础化学实验
    
 
作者: 李厚金 , 石建新 , 邹小勇 编著
分册:  
出版信息: 北京   科学出版社  2015.06
页数: 12, 378页
开本: 26cm
丛书名:
单 册:
中图分类: O6
科图分类:
主题词: 化学实验--hua xue shi yan--教材
电子资源:
ISBN: 978-7-03-044590-2
000 00951nam0 2200277 450
001 2029410462
005 20201120083359.11
010    @a978-7-03-044590-2@dCNY59.00
100    @a20151101e20192015em y0chiy50 ea
101 0  @achi@aeng
102    @aCN@b110000
105    @aa z 000yy
106    @ar
200 1  @a基础化学实验@9ji chu hua xue shi yan@f李厚金, 石建新, 邹小勇编著
205    @a2版
210    @a北京@c科学出版社@d2015.06@h2019.11
215    @a12, 378页@c图@d26cm
300    @a国家理科基地教材
330    @a本书分四部分:化学实验基本知识和基本技术、基本实验、制备实验和设计实验,内容涉及化学二级学科的无机化学实验、分析化学实验和有机化学实验的基本原理和技能。
606 0  @a化学实验@9hua xue shi yan@j教材
690    @aO6@v5
701  0 @a李厚金@9li hou jin@f(1974-)@4编著
701  0 @a石建新@9shi jian xin@4编著
701  0 @a邹小勇@9zou xiao yong@4编著
801  0 @aCN@bBJSZM@c20201119
905    @b1243628-31@dO6@e1158=2@f4
    
    基础化学实验/李厚金, 石建新, 邹小勇编著.-2版.-北京:科学出版社,2015.06(2019.11)
    12, 378页:图;26cm
    国家理科基地教材
    
    ISBN 978-7-03-044590-2:CNY59.00
    本书分四部分:化学实验基本知识和基本技术、基本实验、制备实验和设计实验,内容涉及化学二级学科的无机化学实验、分析化学实验和有机化学实验的基本原理和技能。
●
相关链接 在E读中查询图书 在五车中查询图书 在当当中查询图书 在豆瓣中查询图书


正题名:基础化学实验     索取号:O6/1158=2         预约/预借

序号 登录号 条形码 馆藏地/架位号 状态 备注
1 1243628   212436283   第二样本阅览室/ [索取号:O6/1158=2] 在馆    
2 1243629   212436292   第三借阅区/ [索取号:O6/1158=2] 在馆    
3 1243630   212436309   第三借阅区/ [索取号:O6/1158=2] 在馆    
4 1243631   212436318   第三借阅区/ [索取号:O6/1158=2] 在馆    
唐山师范学院图书馆 欢迎您!
大连网信软件有限公司© 版权所有